01382cam a22003375a 4500001001000000003000400010005001700014008004100031020002500072040003600097082002100133100002600154245006400180246004600244246002500290260003300315300002100348590001900369600006800388650007700456650007200533650010400605650004300709650004400752651001000796653002200806655002400828942002100852999001700873952015400890016303784OSt20150827105501.0130306s2013 e gr 000 1 eng d a9781408835005 (pbk.) aStDuBDSbengcStDuBDSdEG-ScBUE04a823.912222bROW1 aRowling, J. K.92282710aHarry Potter and the Order of the Phoenix /cJ. K. Rowling.3 aHarry Potter and the Order of the Phoenix30aOrder of the phoenix aLondon :bBloomsbury,c2013. a766 p. ;c20 cm. amustafa galal.10aPotter, Harryc(Fictitious character) vJuvenile fiction937452 0aGranger, Hermione (Fictitious character)vJuvenile fiction9374532BUEsh 0aWeasley, Ron (Fictitious character)vJuvenile fiction9228302BUEsh 0aHogwarts School of Witchcraft and Wizardry (Imaginary organization)vJuvenile fiction9228312BUEsh 0aFantasy fiction, English9196042BUEsh 0aWizardsvJuvenile fiction9374542BUEsh 2BUEsh bEEENGcAugust2015 vreading book934232 2ddck823.912 ROW c18999d18971 00102ddc40708BaccahaMAINbMAINc2NDd2015-02-17epurchaseg100.00h21291l4o823.912 ROWp000037439r2025-10-29 00:00:00s2025-10-23v125.00yBB